S. Chand's ICSE Chemistry; (Record no. 207138)

MARC details
000 -LEADER
fixed length control field 00675 a2200217 4500
005 - DATE AND TIME OF LATEST TRANSACTION
control field 20241128125753.0
010 ## - LCCN (DPL NO)
LC control number B-761276
020 ## - INTERNATIONAL STANDARD BOOK NUMBER
International Standard Book Number 9789364681797
Terms of availability 595.00
035 ## - SYSTEM CONTROL NUMBER
System control number B-761276
037 ## - SOURCE OF ACQUISITION
Source of stock number/acquisition Gift/28.11.24
082 ## - DEWEY DECIMAL CLASSIFICATION NUMBER
Classification number 540
100 ## - MAIN ENTRY--PERSONAL NAME
Personal name Bisht, B.S.
245 ## - TITLE STATEMENT
Title S. Chand's ICSE Chemistry;
Remainder of title Asper 2026 Syllabus for Class X Book 2/
Statement of responsibility, etc B.S. Bisht, R. D. Madam [et...al]
260 ## - PUBLICATION, DISTRIBUTION, ETC. (IMPRINT)
Place of publication, distribution, etc U.P.
Name of publisher, distributor, etc S. Chand's
Date of publication, distribution, etc 2025
270 ## - ADDRESS
Address U. P.
300 ## - PHYSICAL DESCRIPTION
Extent 366 p.
Dimensions 25cm (Pb)
700 ## - ADDED ENTRY--PERSONAL NAME
9 (RLIN) 66089
Personal name Madan R.D.
700 ## - ADDED ENTRY--PERSONAL NAME
Personal name Petrie. Nelson A.
9 (RLIN) 74237
942 ## - ADDED ENTRY ELEMENTS (KOHA)
Institution code [OBSOLETE] dpl
Item type Children Books
Source of classification or shelving scheme Dewey Decimal Classification
Classification part 540
Call number suffix BIS
Holdings
Withdrawn status Lost status Not for loan Collection code Home library Current library Date acquired Source of acquisition Cost, normal purchase price Full call number Barcode Copy number Cost, replacement price Koha item type Public note
      Non-fiction Ashok Vihar Ashok Vihar 28/11/2024 Gift/28.11.24 595.00 540 BIS B-761276 1 595.00 Children Books Gift

© Delhi Public Library
Hit Counter
free hit counter